000
00291nam a2200121Ia 4500
008
191201s2018 xx 000 0 und d
100
_a
KEVIN, S
245
0
_a
Security Analysis and Portfolio Management
260
_c
2018
_a
New Delhi
_b
PHI
300
_a
344
650
_a
MBA
942
_2
ddc
_c
BK
999
_c
6933
_d
6933